| 000 | 00446nam a2200181Ia 4500 | ||
|---|---|---|---|
| 001 | 12100 | ||
| 005 | 20260306162916.0 | ||
| 008 | 260306t2014||||xx |||||||||||||| ||spa|| | ||
| 041 | _aESP | ||
| 082 |
_aHR 340 _b2014/1 ELTELJ |
||
| 100 |
_aEotvos Loránd University. Faculty of Law _eAUT |
||
| 245 | 0 | _aELTE law journal | |
| 260 | _c2014 | ||
| 300 |
_a163 páginas : _c24 cm. |
||
| 650 | _aGEN | ||
| 654 | _aCDE | ||
| 942 |
_cREV _dJUS _fJUS _2ddc _n |
||
| 999 |
_c12100 _d12100 |
||